| 000 | 01205nam a22002657a 4500 | ||
|---|---|---|---|
| 005 | 20170124103105.0 | ||
| 010 | _aB-069704 | ||
| 020 |
_c125.00 _a8126702044 |
||
| 035 | _aB-069704 | ||
| 037 | _bCen Lib/Ret | ||
| 040 |
_aDPL _bHN |
||
| 082 |
_aउ _bचिन्नप्प |
||
| 100 |
_aचिन्नप्प भारती _978056 |
||
| 245 |
_aपवलाई / _cचिन्नप्प भारती ; अनुवादक विजयलक्ष्मी सुंदरराजन |
||
| 246 |
_aPavlaai _bby Chinnapp Bharti ; Vijay Laxmi Sundarrajan |
||
| 260 |
_aनई दिल्ली _bराजकमल प्रकाशन _c2001 |
||
| 270 |
_a1-बी नेता जी सुभाष मार्ग _bनई दिल्ली _e110002 |
||
| 300 |
_a127पृष्ठ. _c20सेमी(सजिल्द) |
||
| 650 |
_aहिंदी साहित्य _978057 |
||
| 650 |
_a हिंदी उपन्यास _978058 |
||
| 650 |
_aHindi literature _978059 |
||
| 650 |
_aHindi novel _978060 |
||
| 700 |
_aसुन्दरराजन , विजयलक्ष्मी _942919 |
||
| 942 |
_2ddc _cHN _hउ _mचिन्नप्प |
||
| 999 |
_c118036 _d118036 |
||